RFLP mapping of the ym4 virus resistance gene in barley (Record no. 67021)

MARC details
000 -LEADER
fixed length control field 00420nam a2200169Ia 4500
100 ## - MAIN ENTRY--AUTHOR NAME
Personal name Graner A
245 #0 - TITLE STATEMENT
Title RFLP mapping of the ym4 virus resistance gene in barley
260 ## - PUBLICATION, DISTRIBUTION, ETC. (IMPRINT)
Name of publisher Theoretical and Applied Genetics
Year of publication 1993
300 ## - PHYSICAL DESCRIPTION
Number of Pages 689-693
650 ## - SUBJECT ADDED ENTRY--TOPICAL TERM
Topical Term BaMMV
650 ## - SUBJECT ADDED ENTRY--TOPICAL TERM
Topical Term BaYMV
650 ## - SUBJECT ADDED ENTRY--TOPICAL TERM
Topical Term Linkage map
650 ## - SUBJECT ADDED ENTRY--TOPICAL TERM
Topical Term RFLP
700 ## - ADDED ENTRY--PERSONAL NAME
Personal name Bauer E
942 ## - ADDED ENTRY ELEMENTS (KOHA)
Koha item type Journals
Holdings
Withdrawn status Lost status Damaged status Not for loan Home library Current library Shelving location Date acquired Serial Enumeration / chronology Koha item type
      Journals RRII Library RRII Library Biotechnology 17/12/2021 Volume 86, Issue 6 Journals